000 00836nam a22002537a 4500
005 20170124105941.0
010 _a544527
020 _c15.00
035 _a544527
037 _bCen Lib/Ret
040 _aDPL
_bEN
082 _a309.230954
_bSEK
100 _aSekhar, M. C
_911317
245 _aSocial change in india ( first decade of planning) :
_cby M. C. Sekhar
_ba theoretical analysis /
260 _aPoona
_bDeccan College
_c1968
270 _bPoona 6
_aYerada
300 _a392p.
_c21cmHb)
500 _aIncludes bibliographic references and index
650 _aEconomic
_910420
650 _aEconomic development
_91481
650 _a यात्रा और पर्यटन
_911318
650 _aविकासशील देश-पर्यटन
_93126
942 _2ddc
_cEN
_h309.230954
_mSEK
999 _c124599
_d124599